A choice banquet of witty jests, rare fancies, and pleasant novels : fitted for all the lovers of wit, mirth and eloquence : being an addition to Archee's jests, taken out of his closet but never publisht by him in his life time.

Bibliographic Details
Uniform Title:Banquet of jests.
Other Authors: Armstrong, Archie, d. 1672
Format: eBook
Language:English
Published: London : Printed by T.J. and are to be sold by Peter Dring ..., 1660.
Series:Early English books online.
Subjects:
Online Access:Connect to the full text of this electronic book

MARC

Tag First Indicator Second Indicator Subfields
LEADER 00000nam a2200000Ia 4500
001 in00004297204
005 20200810082515.0
006 m g d
007 cr bn |||a|bb|
008 860409s1660 enka o 001 | eng d
035 |a (OCoLC)13413809 
040 |a EAA  |c EAA  |d m/c  |d UMI  |d WaOLN 
037 |a CL0037000024  |b ProQuest Information and Learning. 300 N. Zeeb Rd., Ann Arbor, MI 48106 
049 |a UMIA 
130 0 |a Banquet of jests. 
245 1 2 |a A choice banquet of witty jests, rare fancies, and pleasant novels :  |b fitted for all the lovers of wit, mirth and eloquence : being an addition to Archee's jests, taken out of his closet but never publisht by him in his life time. 
260 |a London :  |b Printed by T.J. and are to be sold by Peter Dring ...,  |c 1660. 
300 |a 1 online resource ([15], 144 pages :  |b illustrations. 
336 |a text  |b txt  |2 rdacontent 
337 |a computer  |b c  |2 rdamedia 
338 |a online resource  |b cr  |2 rdacarrier 
500 |a Ascribed to Archie Armstrong, court jester to James I and Charles I. Cf. DNB. 
500 |a Includes index. 
500 |a Reproduction of original in Huntington Library. 
510 4 |a Wing  |c A3706 
533 |a Electronic reproduction.  |b Ann Arbor, Mich. :  |c UMI,  |d 1999-  |f (Early English books online)  |n Digital version of: (Early English books, 1641-1700 ; 782:23)  |7 s1999 miun s 
650 0 |a English wit and humor. 
700 1 |a Armstrong, Archie,  |d d. 1672. 
830 0 |a Early English books online. 
856 4 0 |u http://proxy.library.tamu.edu/login?url=https://search.proquest.com/docview/2240862160  |z Connect to the full text of this electronic book  |t 0 
999 f f |s ec3e06c9-3c3f-38cc-9b89-ae2bdc11b457  |i 8c14af33-18a7-39d0-850e-fa45c067b124  |t 0 
952 f f |a Texas A&M University  |b College Station  |c Electronic Resources  |d Available Online  |t 0  |h No information provided 
998 f f |t 0  |l Available Online